Sports Quiz

Random Sports Quiz
Score 0/12 Timer 07:00
0 Plays Today
Date of Game Name % Correct
6/27/2012David Wright
92.5%
8/2/2012Ronny Cedeno
85%
7/27/1988Darryl Strawberry
81.2%
5/10/2008Carlos Beltran
78.8%
9/23/1989Gary Carter
73.4%
4/19/1992Howard Johnson
67.2%
8/27/1997Edgardo Alfonzo
65.2%
7/24/1971Cleon Jones
56.3%
7/17/1986Wally Backman
49.1%
5/26/1998Butch Huskey
22.5%
5/3/1985Danny Heep
21.2%
8/23/2005Ramon Castro
13%
Remove Ads.
Support Sporcle.
Get the best of Sporcle when you Go Orange. This ad-free experience offers more features, more stats, and more fun while also helping to support Sporcle. Thank you for becoming a member.

You're not logged in!

Compare scores with friends on all Sporcle quizzes.
OR
Log In

Show Comments

Extras

Created Aug 2, 2012SourceReportNominate
Tags:date, met, rbi

Top Quizzes Today


Score Distribution

Your Account Isn't Verified!

In order to create a playlist on Sporcle, you need to verify the email address you used during registration. Go to your Sporcle Settings to finish the process.

Report this User

Report this user for behavior that violates our Community Guidelines.

Details: